| 000 | 00481nam a2200181Ia 4500 | ||
|---|---|---|---|
| 003 | GCL | ||
| 008 | 140319s9999 xx 000 0 eng d | ||
| 040 |
_aGCL / _cGCL |
||
| 082 | 0 | 4 |
_aCC _b932.014 _bM F |
| 100 | 1 | _aMORGAN, J.DE. | |
| 245 | 1 | 0 |
_aFOUILLES A DAHCHOUR EN 1894-1895 / _cMORGAN, J.DE. |
| 260 |
_a[S.N] : _bADOLPHE HOLZHAUSEN ، _c1895 |
||
| 650 | 0 | 4 | _aUPPER EGYPT |
| 650 | 0 | 4 | _aDAHSHOUR |
| 650 | 0 | 4 | _aGIZA, DAHSHOUR |
| 650 | 0 | 4 | _aEGYPT - ANTIQUITIES |
| 942 |
_2ddc _cBK |
||
| 999 |
_c20340 _d20340 |
||